| 000 | 00753nam a2200253 a 4500 | ||
|---|---|---|---|
| 008 | |||
| 020 | _a0632003014 (pbk.) | ||
| 049 | _aMAIN | ||
| 090 |
_aR111 _bCOM |
||
| 245 | 1 | 0 |
_aA Companion to medical studies vol.3 _b / _cedited by R. Passmore and J.S. Robson. |
| 250 | _a3rd ed. | ||
| 260 |
_aOxford : _bBlackwell Scientific Publications, _c1974. |
||
| 300 |
_axxii, (various pagings) : _bill. ; _c28 cm. |
||
| 500 | _aIncludes index. | ||
| 504 | _aIncludes bibliographical references. | ||
| 650 | _aMedicine. | ||
| 700 | _aPassmore, R. | ||
| 700 | _aRobson, J.S. | ||
| 907 |
_a.b10370134 _b26-02-16 _c24-02-16 |
||
| 003 | |||
| 005 | 20230120204210.0 | ||
| 040 | _cNUST | ||
| 942 |
_cBOOKS _kR111 _mCOM |
||
| 999 |
_c118925 _d118925 |
||